POLITICA Y ACCIONES EN EL OCCIDENTE DE MEXICO /

INCLUYE BIBLIOGRAFIA

Salvato in:
Dettagli Bibliografici
Altri autori: Regalado Santillán, Jorge (coordinación) (coordinación)
Natura: Libro
Soggetti:
Tags: Aggiungi Tag
Nessun Tag, puoi essere il primo ad aggiungerne!!

MARC

LEADER 00000nam^a2200000^a^4500
001 000247058
005 20250521000000.0
009 20260310105601.55
020 |a 968-895-943-X 
035 |a 070717 
037 |a Acervo Xavier Clavigero 
082 |a 303. 4  |b POL 
245 1 0 |a POLITICA Y ACCIONES EN EL OCCIDENTE DE MEXICO /  |c COORD. JORGE REGALADO SANTILLAN 
264 |a Guadalajara, México :  |b U DE G,  |c 2000 
300 |a 290 p. 
336 |a texto  |b txt  |2 rdacontenido 
337 |a sin mediación  |b n  |2 rdamedio 
338 |a volumen  |b nc  |2 rdasoporte 
520 |a INCLUYE BIBLIOGRAFIA 
649 |a XX 
650 |a Cambios Sociales y Culturales 
650 |a Movimientos Sociales 
650 |a TRABAJO SOCIAL DE GRUPO. 
700 |a Regalado Santillán, Jorge  |e (coordinación) 
910 |a Fondo General 
920 |a Impresos - Libros 
930 |a Colección General 
905 |a 101 
901 |a 070717  |b IT1  |c ACC  |i 070717  |u 20250521 
902 |a https://opac.biblio.iteso.mx/vufind/Record/000247058